[Event "Kandidatklassen 2003"]
[Site "Horsens"]
[Date "2003.04.18"]
[Round "4"]
[White "Borbjerggaard, Lars"]
[Black "Moller, Morten Kock"]
[Result "1-0"]
[WhiteElo "2407"]
[BlackElo "2035"]
[PlyCount "85"]
[EventDate "2003.??.??"]

1. d4 Nf6 2. Nf3 e6 3. Bf4 c5 4. e3 cxd4 5. exd4 b6 6. c3 Be7 7. Bd3 Bb7 8. O-O
O-O 9. Nbd2 d6 10. h3 Nc6 11. Qe2 Re8 12. Ne4 Nxe4 13. Qxe4 g6 14. Bb5 Qc7 15.
Qe3 a6 16. Bd3 Bf6 17. Bg5 Bh8 18. Rfe1 e5 19. dxe5 Nxe5 20. Nxe5 Rxe5 21. Qg3
Rae8 22. Re3 Rxe3 23. Bxe3 Be5 24. Qg4 Qc6 25. Bf1 b5 26. a4 f5 27. Qb4 Qe4 28.
Qxe4 Bxe4 29. axb5 axb5 30. Ra6 b4 31. cxb4 d5 32. f3 f4 33. Bc5 Bc2 34. b5 d4
35. Bc4+ Kh8 36. Bd6 d3 37. Bxe5+ Rxe5 38. Rd6 Re1+ 39. Kh2 Rb1 40. b3 d2 41.
Rxd2 Bxb3 42. Bd3 Rc1 43. Be4 1-0

[Event "Kandidatklassen 2003"]
[Site "Horsens"]
[Date "2003.04.18"]
[Round "4"]
[White "Pedersen, Jan"]
[Black "Rasmussen, Casper Dahl"]
[Result "1/2-1/2"]
[WhiteElo "2417"]
[BlackElo "2318"]
[PlyCount "63"]
[EventDate "2003.??.??"]

1. e4 c5 2. Nf3 e6 3. d3 Nc6 4. g3 g6 5. Bg2 Bg7 6. O-O Nge7 7. c3 e5 8. Be3 d6
9. Na3 O-O 10. h3 h6 11. d4 exd4 12. cxd4 d5 13. dxc5 dxe4 14. Nd2 Nd5 15. Nac4
f5 16. Qb3 Kh7 17. Rad1 Qe7 18. Nd6 Nxe3 19. Qxe3 Be6 20. N2c4 Rfd8 21. b3 Bxc4
22. bxc4 b6 23. g4 Bd4 24. Rxd4 Nxd4 25. gxf5 Nxf5 26. Qxe4 Qxe4 27. Bxe4 Nxd6
28. Bxa8 Nxc4 29. Rc1 Rxa8 30. Rxc4 Rc8 31. Ra4 Rc7 32. cxb6 1/2-1/2

[Event "Kandidatklassen 2003"]
[Site "Horsens"]
[Date "2003.04.18"]
[Round "4"]
[White "Aabling Thomsen, Jakob"]
[Black "Bindzus, Niels"]
[Result "1/2-1/2"]
[WhiteElo "2122"]
[BlackElo "2013"]
[PlyCount "25"]
[EventDate "2003.??.??"]

1. e4 c5 2. Nf3 d6 3. d4 cxd4 4. Nxd4 Nf6 5. Nc3 a6 6. Bg5 e6 7. f4 Nbd7 8. Qf3
Qc7 9. O-O-O b5 10. e5 Bb7 11. Qh3 dxe5 12. Nxe6 fxe6 13. Qxe6+ 1/2-1/2

[Event "Kandidatklassen 2003"]
[Site "Horsens"]
[Date "2003.04.18"]
[Round "4"]
[White "Pedersen, Erik"]
[Black "Boe, Mads"]
[Result "1/2-1/2"]
[WhiteElo "2400"]
[BlackElo "2382"]
[PlyCount "70"]
[EventDate "2003.??.??"]

1. d4 f5 2. Nf3 Nf6 3. h3 g6 4. Bf4 Bg7 5. e3 d6 6. Be2 O-O 7. O-O Kh8 8. c4 c6
9. Bh2 Be6 10. Nc3 Bg8 11. b4 Nbd7 12. Qc2 Nb6 13. Nd2 Re8 14. Rfd1 e5 15. dxe5
dxe5 16. Nde4 Qe7 17. Nd6 Red8 18. c5 Nbd5 19. Nxd5 cxd5 20. Bf3 Ne8 21. Bxd5
Nxd6 22. Bxg8 Kxg8 23. cxd6 Rxd6 24. Qb3+ Kf8 25. Rxd6 Qxd6 26. Rd1 Qe7 27. Qd5
Re8 28. a3 a6 29. Bg3 Bf6 30. f3 Kg7 31. e4 f4 32. Bf2 Rd8 33. Qb3 Rxd1+ 34.
Qxd1 Qd8 35. Qc2 h5 1/2-1/2

[Event "Kandidatklassen 2003"]
[Site "Horsens"]
[Date "2003.04.18"]
[Round "4"]
[White "Nielsen, Anders Bodholt"]
[Black "Holst, Allan"]
[Result "1-0"]
[WhiteElo "2144"]
[BlackElo "2348"]
[PlyCount "195"]
[EventDate "2003.??.??"]

1. d4 e6 2. Nf3 Nf6 3. c4 d5 4. Nc3 Be7 5. Bf4 O-O 6. e3 Nbd7 7. h3 c6 8. c5 b6
9. b4 bxc5 10. bxc5 Qa5 11. Qd2 Bd8 12. Bd3 Ba6 13. O-O Bxd3 14. Qxd3 Bc7 15.
Bxc7 Qxc7 16. Rab1 Rab8 17. Qa6 Rxb1 18. Rxb1 Rb8 19. Qa4 Rxb1+ 20. Nxb1 Nb8
21. Nbd2 Nfd7 22. Nb3 f6 23. Ne1 e5 24. Nd3 Nf8 25. Qa5 Qxa5 26. Nxa5 exd4 27.
exd4 Ne6 28. Nb3 Kf7 29. f3 Ke7 30. Kf2 Nc7 31. Ke3 Nb5 32. Nb4 Kd7 33. Kd3 Nc7
34. Ke3 Nba6 35. Nxa6 Nxa6 36. a3 Nc7 37. a4 Na6 38. Kd3 Nc7 39. Na5 Ne6 40.
Ke3 g5 41. g3 Ng7 42. Nb3 Nh5 43. Kf2 Kc7 44. Kg2 Ng7 45. Kf2 Nf5 46. f4 gxf4
47. gxf4 Kd7 48. Kf3 Ke6 49. Kg4 Ne3+ 50. Kh5 Nf5 51. Kg4 a6 52. Kh5 Kf7 53. h4
Kg7 54. Kg4 Ne3+ 55. Kf3 Nc2 56. Kg4 Kg6 57. h5+ Kg7 58. Kf5 Kf7 59. Kg4 Ne3+
60. Kf3 Nf5 61. Kg4 Ke6 62. Kf3 Ke7 63. Kg4 Ne3+ 64. Kf3 Nf5 65. Kg4 Ke6 66.
Kf3 Nh6 67. Na5 Kd7 68. Nb3 Kd8 69. Na5 Kc7 70. Nb3 Kd7 71. Kg3 Ke6 72. Kf3 Nf5
73. Kg4 Ne3+ 74. Kf3 Nc2 75. Kg4 Kf7 76. Kf3 Kg7 77. Ke2 Kh6 78. Kd2 Nb4 79.
Kc3 a5 80. Nxa5 Na6 81. Nxc6 Kxh5 82. Nb4 Nc7 83. Kd3 Kg4 84. Ke3 h5 85. a5 h4
86. Kf2 Kxf4 87. a6 Ke4 88. a7 Na8 89. c6 Kf5 90. Nxd5 Ke6 91. c7 Kd7 92. Kg2
f5 93. Kh3 Kc8 94. Kxh4 Kb7 95. Kg5 Nxc7 96. Nxc7 Kxa7 97. Kxf5 Kb6 98. Ne6 1-0

[Event "Kandidatklassen 2003"]
[Site "Horsens"]
[Date "2003.04.18"]
[Round "4"]
[White "Pedersen, Daniel Vesterbaek"]
[Black "Christensen, Bo Garner"]
[Result "1-0"]
[WhiteElo "2357"]
[BlackElo "2284"]
[PlyCount "87"]
[EventDate "2003.??.??"]

1. e4 c5 2. c3 e5 3. Nf3 Nc6 4. Bc4 Qc7 5. O-O Nf6 6. Ng5 Nd8 7. f4 d6 8. d3
Be7 9. a4 O-O 10. Bb3 h6 11. Nf3 Nc6 12. Qe1 Bg4 13. f5 Bxf3 14. Rxf3 Na5 15.
Ba2 c4 16. Rh3 Kh7 17. Qh4 Ng8 18. Qh5 Qc6 19. Na3 Qxa4 20. dxc4 Nf6 21. Qe2
Rac8 22. b4 Nc6 23. Bb1 Nb8 24. Bd3 Qe8 25. Nc2 d5 26. cxd5 Rxc3 27. Bxh6 gxh6
28. Qd2 Ng4 29. Qxc3 Bd8 30. Qd2 Bb6+ 31. Kf1 Nd7 32. Rh4 Rg8 33. Be2 Ndf6 34.
Bxg4 Nxg4 35. Ra3 Bd8 36. Rh5 Qb5+ 37. Qe2 Qxe2+ 38. Kxe2 Nf6 39. Rhh3 Rxg2+
40. Kd3 Bb6 41. Ne3 Rf2 42. Rc3 Rf4 43. Rc4 Bd4 44. d6 1-0

[Event "Kandidatklassen 2003"]
[Site "Horsens"]
[Date "2003.04.18"]
[Round "4"]
[White "Rasmussen, Allan Stig"]
[Black "Pedersen, Christian Kyndel"]
[Result "1-0"]
[WhiteElo "2356"]
[BlackElo "2249"]
[PlyCount "113"]
[EventDate "2003.??.??"]

1. d4 Nf6 2. g3 g6 3. Bg2 d5 4. Nf3 Bg7 5. O-O O-O 6. c4 Nc6 7. cxd5 Nxd5 8.
Nc3 Nb6 9. e3 e5 10. d5 Na5 11. e4 c6 12. dxc6 Nxc6 13. Bg5 Qxd1 14. Rfxd1 Bg4
15. h3 Bxf3 16. Bxf3 h6 17. Be3 Nd4 18. Bxd4 exd4 19. Nd5 Nc4 20. Rab1 Rfd8 21.
b3 Nb6 22. Rbc1 Be5 23. a4 Kf8 24. Nxb6 axb6 25. Be2 Rac8 26. Rxc8 Rxc8 27. Bc4
g5 28. Kg2 Ke7 29. Kf3 h5 30. Ke2 Rc6 31. Rd3 f6 32. Rf3 Rc5 33. Kd3 Ke8 34.
Rf5 Ke7 35. b4 Rc8 36. f4 gxf4 37. gxf4 Bd6 38. e5 fxe5 39. fxe5 Bxb4 40. Rxh5
Bc5 41. Rh7+ Kd8 42. h4 Rc6 43. h5 Bf8 44. e6 Be7 45. h6 Rc5 46. Rh8+ Kc7 47.
Re8 Bf6 48. Rf8 Rf5 49. Ke4 Re5+ 50. Kf4 Rc5 51. Rxf6 Rxc4 52. e7 d3+ 53. Ke3
Kd7 54. h7 d2 55. e8=Q+ Kc7 56. Qe5+ Kc8 57. h8=Q+ 1-0

[Event "Kandidatklassen 2003"]
[Site "Horsens"]
[Date "2003.04.18"]
[Round "4"]
[White "Skjoldborg, Jesper"]
[Black "Glud, Jakob Vang"]
[Result "1/2-1/2"]
[WhiteElo "2253"]
[BlackElo "2176"]
[PlyCount "115"]
[EventDate "2003.??.??"]

1. e4 e5 2. Nf3 Nc6 3. Nc3 Nf6 4. d4 exd4 5. Nxd4 Bb4 6. Nxc6 bxc6 7. Bd3 O-O
8. O-O d5 9. exd5 cxd5 10. Bg5 c6 11. Na4 Be7 12. Re1 Be6 13. c3 Re8 14. Bc2
Nd7 15. Bxe7 Qxe7 16. f4 Nc5 17. Qd4 Nxa4 18. Bxa4 Qd6 19. Re3 Bd7 20. Rae1
Rxe3 21. Qxe3 Kf8 22. Qe5 Qc5+ 23. Qe3 Qd6 24. Qe5 Qc5+ 25. Qd4 Qxd4+ 26. cxd4
Rb8 27. b3 Rb4 28. Rd1 Ke7 29. a3 Rb8 30. Kf2 Kd6 31. Re1 Be6 32. Ke3 h6 33.
Rc1 Bd7 34. Kd2 Rg8 35. g3 Re8 36. Re1 Re4 37. Rxe4 dxe4 38. Ke3 f5 39. b4 Be6
40. Bd1 Bf7 41. g4 g6 42. h4 h5 43. gxh5 gxh5 44. Kd2 Kc7 45. Kc3 Kb6 46. a4
Ka6 47. Be2+ Kb6 48. a5+ Kc7 49. d5 cxd5 50. Kd4 Kd6 51. b5 Be8 52. b6 axb6 53.
axb6 Bf7 54. Bb5 Bg6 55. Ba4 Bf7 56. Bb5 Bg6 57. b7 Kc7 58. Ba6 1/2-1/2

[Event "Kandidatklassen 2003"]
[Site "Horsens"]
[Date "2003.04.19"]
[Round "5"]
[White "Rasmussen, Casper Dahl"]
[Black "Holst, Allan"]
[Result "0-1"]
[WhiteElo "2318"]
[BlackElo "2348"]
[PlyCount "102"]
[EventDate "2003.??.??"]

1. e4 g6 2. d4 Bg7 3. Nc3 c5 4. Nge2 cxd4 5. Nxd4 Nc6 6. Be3 Nf6 7. Bc4 O-O 8.
Bb3 a5 9. a4 Ng4 10. Qxg4 Nxd4 11. Qd1 Nxb3 12. cxb3 d6 13. O-O Be6 14. Rc1 Ra6
15. Nb5 Rc6 16. Nd4 Rxc1 17. Qxc1 Bxd4 18. Bxd4 Bxb3 19. Qe3 Bxa4 20. Bb6 Qd7
21. Bxa5 Qe6 22. Bc3 f6 23. Qd4 Bc6 24. Ra1 Kf7 25. f3 g5 26. h3 h5 27. Qd3 Rh8
28. Re1 Ke8 29. Kf2 Qb3 30. Kg1 Kf8 31. Ra1 Kf7 32. Re1 Bb5 33. Qe3 Qe6 34. Qb6
Bc6 35. Qe3 Rg8 36. Qd3 Rg7 37. Qd4 Ke8 38. Qd3 g4 39. hxg4 hxg4 40. f4 g3 41.
Re3 Qg4 42. Be1 Qxf4 43. Bxg3 Qg5 44. Kf2 Qc5 45. Qc3 Qb6 46. Ke1 Rg4 47. Kd2
Kd7 48. Kc1 Bxe4 49. Qe1 Qc6+ 50. Rc3 Qa4 51. Kd2 f5 0-1

[Event "Kandidatklassen 2003"]
[Site "Horsens"]
[Date "2003.04.19"]
[Round "5"]
[White "Skjoldager, Per"]
[Black "Aabling Thomsen, Jakob"]
[Result "1-0"]
[WhiteElo "2213"]
[BlackElo "2122"]
[PlyCount "35"]
[EventDate "2003.??.??"]

1. e4 c5 2. c3 Nf6 3. d3 d5 4. e5 Nfd7 5. f4 Nc6 6. Nf3 e6 7. Be3 f6 8. d4 fxe5
9. fxe5 Be7 10. Bd3 O-O 11. Nbd2 c4 12. Bc2 b5 13. O-O b4 14. Qe1 Qe8 15. Qg3
Qh5 16. Bg5 h6 17. Be3 Nb6 18. Bg6 1-0

[Event "Kandidatklassen 2003"]
[Site "Horsens"]
[Date "2003.04.19"]
[Round "5"]
[White "Moller, Morten Kock"]
[Black "Glud, Jakob Vang"]
[Result "1-0"]
[WhiteElo "2035"]
[BlackElo "2176"]
[PlyCount "63"]
[EventDate "2003.??.??"]

1. e4 e6 2. d4 d5 3. Nc3 Nf6 4. e5 Nfd7 5. f4 c5 6. Nf3 Nc6 7. Be3 a6 8. Qd2 b5
9. dxc5 Bxc5 10. Bxc5 Nxc5 11. Qf2 Qb6 12. Bd3 Rb8 13. O-O Nb4 14. Rfd1 Nbxd3
15. cxd3 Na4 16. Qxb6 Rxb6 17. Rac1 Bd7 18. b3 Nxc3 19. Rxc3 b4 20. Rc7 Ke7 21.
Rdc1 Ra8 22. Ng5 a5 23. Nxf7 a4 24. Nd6 axb3 25. axb3 Rba6 26. Nb5 g6 27. Nd4
Ra2 28. R1c2 Ra1+ 29. Kf2 Rd1 30. Nc6+ Ke8 31. Nxb4 Rb8 32. Na6 1-0

[Event "Kandidatklassen 2003"]
[Site "Horsens"]
[Date "2003.04.19"]
[Round "5"]
[White "Bindzus, Niels"]
[Black "Skjoldborg, Jesper"]
[Result "0-1"]
[WhiteElo "2013"]
[BlackElo "2253"]
[PlyCount "60"]
[EventDate "2003.??.??"]

1. e4 e5 2. Bc4 Nf6 3. d4 exd4 4. Nf3 Nc6 5. O-O Nxe4 6. Re1 d5 7. Bxd5 Qxd5 8.
Nc3 Qh5 9. Nxe4 Be6 10. Bg5 h6 11. Bf6 Qg6 12. Nh4 Qh7 13. c3 dxc3 14. bxc3 Bd6
15. Qb1 O-O 16. Qxb7 Ne5 17. Nxd6 cxd6 18. Bxe5 dxe5 19. Rxe5 Qc2 20. Qf3 Rac8
21. Nf5 Rxc3 22. Ne7+ Kh7 23. Qf4 Rd8 24. Rae1 Rd1 25. h3 Rc7 26. Qb4 a5 27.
Qh4 g5 28. Qh5 Rxe1+ 29. Rxe1 Rxe7 30. Rxe6 fxe6 0-1

[Event "Kandidatklassen 2003"]
[Site "Horsens"]
[Date "2003.04.19"]
[Round "5"]
[White "Leimand, Peter Martin"]
[Black "Pedersen, Jan"]
[Result "0-1"]
[WhiteElo "2029"]
[BlackElo "2417"]
[PlyCount "116"]
[EventDate "2003.??.??"]

1. e4 e6 2. d4 d5 3. Nc3 Nf6 4. Bg5 Be7 5. e5 Nfd7 6. h4 h6 7. Be3 c5 8. Qg4 g6
9. Bd3 cxd4 10. Bxd4 Nc6 11. Nf3 Nxd4 12. Qxd4 Qb6 13. Nb5 Qxd4 14. Nbxd4 Nc5
15. Bb5+ Bd7 16. Bxd7+ Nxd7 17. O-O-O Bf8 18. Nb5 Kd8 19. Rhe1 a6 20. Nbd4 Bg7
21. Kb1 Rc8 22. Nb3 Ke7 23. Nc1 Rc4 24. c3 g5 25. h5 g4 26. Nd2 Rf4 27. Nd3 Rf5
28. f4 gxf3 29. Nxf3 Rxh5 30. Nf4 Rf5 31. g3 h5 32. Rd3 h4 33. Ne2 Nxe5 34.
Nxe5 Rxe5 35. Rdd1 h3 36. Nf4 Rxe1 37. Rxe1 h2 38. Rh1 Be5 39. Ne2 Rh3 40. Kc2
Kf6 41. Kd2 Kg5 42. Ke1 Bxg3+ 43. Nxg3 Rxg3 44. Rxh2 Kf4 45. Kf2 Rg7 46. Rh4+
Kf5 47. c4 dxc4 48. Rxc4 f6 49. Kf3 e5 50. Rh4 e4+ 51. Ke3 Rg3+ 52. Kf2 Rd3 53.
Ke2 Ke5 54. Rh7 f5 55. Re7+ Kf4 56. Rxb7 Rh3 57. a4 Rh2+ 58. Ke1 Kf3 0-1

[Event "Kandidatklassen 2003"]
[Site "Horsens"]
[Date "2003.04.19"]
[Round "5"]
[White "Pedersen, Erik"]
[Black "Nielsen, Anders Bodholt"]
[Result "1/2-1/2"]
[WhiteElo "2400"]
[BlackElo "2144"]
[PlyCount "63"]
[EventDate "2003.??.??"]

1. d4 Nf6 2. Nf3 e6 3. e3 b6 4. Bd3 Bb7 5. Nbd2 c5 6. O-O Be7 7. b3 O-O 8. Bb2
d6 9. c4 Nbd7 10. Qe2 Re8 11. Rfd1 Qc7 12. Rac1 Rad8 13. Bb1 Qb8 14. Ng5 h6 15.
Nh3 Qa8 16. e4 cxd4 17. Bxd4 Nc5 18. Re1 a5 19. Bb2 e5 20. f4 exf4 21. Nxf4
Nfd7 22. Qg4 Ne5 23. Qg3 Bf8 24. Nd5 Bxd5 25. exd5 Qc8 26. Rf1 Qc7 27. a3 Qe7
28. b4 axb4 29. axb4 Ncd7 30. Ne4 Rc8 31. Ba2 Nxc4 32. Bxc4 1/2-1/2

[Event "Kandidatklassen 2003"]
[Site "Horsens"]
[Date "2003.04.19"]
[Round "5"]
[White "Pedersen, Christian Kyndel"]
[Black "Borbjerggaard, Lars"]
[Result "0-1"]
[WhiteElo "2249"]
[BlackElo "2407"]
[PlyCount "78"]
[EventDate "2003.??.??"]

1. d4 Nf6 2. c4 g6 3. Nc3 Bg7 4. e4 d6 5. f3 O-O 6. Be3 c5 7. Nge2 Nc6 8. Qd2
Qa5 9. d5 Ne5 10. Nc1 e6 11. Nb3 Qb4 12. Nb5 Qxd2+ 13. Nxd2 Ne8 14. Be2 exd5
15. exd5 Bf5 16. Bf4 a6 17. Nc3 Nd3+ 18. Bxd3 Bxd3 19. a4 Rd8 20. Ra3 Rd7 21.
Kd1 Nf6 22. Na2 Bxc4 23. Nxc4 Nxd5 24. Bd2 b5 25. axb5 axb5 26. Ne3 b4 27. Rb3
Nf4 28. g3 Ne6 29. Nd5 Ra7 30. Nc1 Re8 31. Re1 Rd8 32. Be3 Ra5 33. Ne2 c4 34.
Ne7+ Kf8 35. Bb6 Ra1+ 36. Kd2 Rxe1 37. Bxd8 Rxe2+ 38. Kxe2 cxb3 39. Nc6 Nxd8
0-1

[Event "Kandidatklassen 2003"]
[Site "Horsens"]
[Date "2003.04.19"]
[Round "5"]
[White "Boe, Mads"]
[Black "Christensen, Bo Garner"]
[Result "1-0"]
[WhiteElo "2382"]
[BlackElo "2284"]
[PlyCount "91"]
[EventDate "2003.??.??"]

1. d4 Nf6 2. c3 g6 3. Bg5 Bg7 4. Nd2 O-O 5. e3 d6 6. Ngf3 Nbd7 7. Bd3 Re8 8.
O-O c6 9. Re1 Qc7 10. a4 b6 11. e4 e5 12. Bf1 h6 13. Bh4 Nh5 14. Nc4 Bf8 15.
Qd2 g5 16. Bg3 Nxg3 17. hxg3 Bb7 18. dxe5 dxe5 19. Ne3 Rad8 20. Qc2 Nf6 21. Nh2
Bc8 22. Be2 h5 23. Nhf1 g4 24. Bc4 Bh6 25. Rad1 Kg7 26. Rxd8 Rxd8 27. Rd1 Rh8
28. Qd3 Bg5 29. Qd6 Qxd6 30. Rxd6 c5 31. f3 h4 32. gxh4 Bxh4 33. a5 bxa5 34.
Rc6 Bd7 35. Rxc5 gxf3 36. gxf3 Rh5 37. Rxa5 Rg5+ 38. Kh2 Bf2 39. Rxa7 Be8 40.
Ra1 Nh5 41. Ng4 Nf4 42. Ng3 Bb6 43. Ra6 Rg6 44. Nf5+ Kf8 45. Bf1 Re6 46. Ra8
1-0

[Event "Kandidatklassen 2003"]
[Site "Horsens"]
[Date "2003.04.19"]
[Round "5"]
[White "Rasmussen, Allan Stig"]
[Black "Pedersen, Daniel Vesterbaek"]
[Result "1/2-1/2"]
[WhiteElo "2356"]
[BlackElo "2357"]
[PlyCount "25"]
[EventDate "2003.??.??"]

1. e4 e5 2. Nf3 Nf6 3. Nc3 Nc6 4. d4 Bb4 5. Nxe5 O-O 6. Nxc6 dxc6 7. Bd3 Nxe4
8. Bxe4 Bxc3+ 9. bxc3 Re8 10. f3 f5 11. O-O fxe4 12. fxe4 Rxe4 13. Ba3 1/2-1/2

[Event "Kandidatklassen 2003"]
[Site "Horsens"]
[Date "2003.04.20"]
[Round "6"]
[White "Skjoldborg, Jesper"]
[Black "Pedersen, Erik"]
[Result "0-1"]
[WhiteElo "2253"]
[BlackElo "2400"]
[PlyCount "62"]
[EventDate "2003.??.??"]

1. e4 c5 2. Nf3 e6 3. d4 cxd4 4. Nxd4 a6 5. Nc3 b5 6. a3 Bb7 7. Bd3 d6 8. O-O
Nf6 9. Kh1 Nbd7 10. Qe2 g6 11. Bg5 Bg7 12. f4 Qb6 13. Nb3 O-O 14. Rad1 Rac8 15.
Rf3 Rfd8 16. Rdf1 Nh5 17. Nd1 f5 18. Re3 Nhf6 19. Nd2 d5 20. Bxf6 Nxf6 21. e5
Ne4 22. Bxe4 dxe4 23. Rc3 Bf8 24. Nb3 a5 25. Rxc8 Rxc8 26. Qe3 Qc7 27. Nd4 Qc4
28. Rf2 Bc5 29. c3 Rd8 30. b3 Qxb3 31. Rd2 Qc4 0-1

[Event "Kandidatklassen 2003"]
[Site "Horsens"]
[Date "2003.04.20"]
[Round "6"]
[White "Glud, Jakob Vang"]
[Black "Skjoldager, Per"]
[Result "1-0"]
[WhiteElo "2176"]
[BlackElo "2213"]
[PlyCount "37"]
[EventDate "2003.??.??"]

1. e4 e5 2. Nf3 Nc6 3. Bb5 a6 4. Ba4 Nf6 5. O-O d6 6. Re1 Be7 7. c3 O-O 8. h3
Re8 9. d4 b5 10. Bc2 Bb7 11. Nbd2 Bf8 12. b3 d5 13. dxe5 Nxe5 14. Nxe5 Rxe5 15.
f4 Bc5+ 16. Kh1 Rh5 17. e5 d4 18. Ne4 Qd7 19. Nxf6+ 1-0

[Event "Kandidatklassen 2003"]
[Site "Horsens"]
[Date "2003.04.20"]
[Round "6"]
[White "Leimand, Peter Martin"]
[Black "Bindzus, Niels"]
[Result "1-0"]
[WhiteElo "2029"]
[BlackElo "2013"]
[PlyCount "39"]
[EventDate "2003.??.??"]

1. e4 c5 2. Nc3 Nc6 3. g3 g6 4. Bg2 Bg7 5. d3 Rb8 6. f4 b5 7. Nf3 e6 8. e5 d5
9. exd6 Qxd6 10. Ne4 Qe7 11. Be3 Bd4 12. Nxd4 cxd4 13. Bf2 Bb7 14. O-O f5 15.
Ng5 Qd6 16. Nxe6 Nge7 17. Re1 Kd7 18. c4 Nd8 19. c5 Qa6 20. c6+ 1-0

[Event "Kandidatklassen 2003"]
[Site "Horsens"]
[Date "2003.04.21"]
[Round "7"]
[White "Nielsen, Anders Bodholt"]
[Black "Boe, Mads"]
[Result "0-1"]
[WhiteElo "2144"]
[BlackElo "2382"]
[PlyCount "78"]
[EventDate "2003.??.??"]

1. Nf3 e6 2. g3 f5 3. Bg2 Nf6 4. c4 Be7 5. Nc3 O-O 6. Rb1 d6 7. b4 e5 8. d3 Qe8
9. Nd5 Bd8 10. O-O Nxd5 11. cxd5 Nd7 12. e4 Nf6 13. Nd2 Bd7 14. Nc4 Qg6 15. Qe2
b5 16. Na3 a6 17. Nc2 Rc8 18. Bb2 c6 19. dxc6 Bxc6 20. exf5 Qxf5 21. Ne3 Qe6
22. Bxc6 Rxc6 23. Rbc1 Rxc1 24. Bxc1 Bb6 25. Qf3 Bxe3 26. Bxe3 Qxa2 27. Qc6 Qd5
28. Qxa6 Qxd3 29. Qc6 Ng4 30. Bb6 e4 31. Re1 Ne5 32. Qxe4 Nf3+ 33. Kg2 Nxe1+
34. Qxe1 Qd5+ 35. Kg1 Ra8 36. h4 Qe5 37. Qd2 Ra1+ 38. Kg2 Qe4+ 39. f3 Qc4 0-1

[Event "Kandidatklassen 2003"]
[Site "Horsens"]
[Date "2003.04.21"]
[Round "7"]
[White "Pedersen, Erik"]
[Black "Pedersen, Daniel Vesterbaek"]
[Result "1-0"]
[WhiteElo "2400"]
[BlackElo "2357"]
[PlyCount "65"]
[EventDate "2003.??.??"]

1. d4 Nf6 2. e3 d5 3. Nf3 Bf5 4. c4 c6 5. Qb3 Qb6 6. Nc3 e6 7. Be2 h6 8. O-O
Nbd7 9. Qd1 dxc4 10. Nd2 e5 11. e4 Be6 12. d5 cxd5 13. exd5 Nxd5 14. Nxd5 Bxd5
15. Nxc4 Qc6 16. Na5 Qc5 17. Bd2 Be7 18. Rc1 Qd6 19. Bb4 Qe6 20. Bg4 f5 21.
Bxf5 Qxf5 22. Qxd5 Bxb4 23. Nxb7 Nb6 24. Qb5+ Qd7 25. Qxe5+ Qe7 26. Qg3 Rc8 27.
Qg6+ Qf7 28. Qe4+ Qe7 29. Qg6+ Qf7 30. Rfe1+ Kf8 31. Qxb6 Rb8 32. Qxb4+ Kg8 33.
Re7 1-0

[Event "Kandidatklassen 2003"]
[Site "Horsens"]
[Date "2003.04.21"]
[Round "7"]
[White "Christensen, Bo Garner"]
[Black "Rasmussen, Allan Stig"]
[Result "0-1"]
[WhiteElo "2284"]
[BlackElo "2356"]
[PlyCount "74"]
[EventDate "2003.??.??"]

1. e4 c6 2. d4 d5 3. Nc3 dxe4 4. Nxe4 Nd7 5. Bc4 Ngf6 6. Ng5 e6 7. Qe2 Nb6 8.
Bb3 h6 9. N5f3 a5 10. c3 c5 11. dxc5 Bxc5 12. Ne5 Qc7 13. Ngf3 Bd6 14. O-O a4
15. Bc2 O-O 16. a3 Rd8 17. Re1 Ra5 18. h3 Bd7 19. Ng4 Nbd5 20. c4 Nxg4 21. hxg4
Nf4 22. Bxf4 Bxf4 23. Qd3 g6 24. Rad1 Raa8 25. Qc3 Bc6 26. Nd4 Bd7 27. g3 Bg5
28. f4 Bf6 29. Kh2 Bg7 30. Re4 Rac8 31. Bb1 Qxc4 32. Qxc4 Rxc4 33. Nb5 Rc5 34.
Rb4 Bf6 35. Be4 Bxb5 36. Rxd8+ Bxd8 37. Bxb7 Ba5 0-1

[Event "Kandidatklassen 2003"]
[Site "Horsens"]
[Date "2003.04.21"]
[Round "7"]
[White "Holst, Allan"]
[Black "Borbjerggaard, Lars"]
[Result "1/2-1/2"]
[WhiteElo "2348"]
[BlackElo "2407"]
[PlyCount "48"]
[EventDate "2003.??.??"]

1. d4 Nf6 2. Nf3 g6 3. Nc3 d5 4. Bf4 Bg7 5. e3 O-O 6. Be2 c5 7. dxc5 Qa5 8. Nd2
Qxc5 9. Nb3 Qb6 10. a4 Nc6 11. O-O h6 12. Bg3 Bf5 13. Nb5 Ne8 14. c3 a6 15. a5
Qd8 16. N5d4 Bc8 17. c4 Nxd4 18. Nxd4 dxc4 19. Bxc4 Nd6 20. Bd5 Nb5 21. Nxb5
axb5 22. Qb3 Rxa5 23. Rac1 b4 24. Rfd1 Qe8 1/2-1/2

[Event "Kandidatklassen 2003"]
[Site "Horsens"]
[Date "2003.04.21"]
[Round "7"]
[White "Leimand, Peter Martin"]
[Black "Skjoldborg, Jesper"]
[Result "0-1"]
[WhiteElo "2029"]
[BlackElo "2253"]
[PlyCount "58"]
[EventDate "2003.??.??"]

1. e4 e5 2. Nf3 Nc6 3. Bb5 a6 4. Bxc6 dxc6 5. O-O f6 6. d4 exd4 7. Nxd4 c5 8.
Nf3 Qxd1 9. Rxd1 Bd6 10. e5 fxe5 11. Nxe5 Be6 12. Nf3 O-O-O 13. Nc3 Bf5 14. Bg5
Re8 15. Rd2 h6 16. Be3 Nf6 17. h3 b5 18. a3 g5 19. g4 Bd7 20. Ne1 Bc6 21. Rad1
Re6 22. Re2 Rhe8 23. Nd3 Bf3 24. Ree1 Bxd1 25. Rxd1 c4 26. Ne1 Rxe3 27. fxe3
Rxe3 28. Nd5 Nxd5 29. Rxd5 Rxe1+ 0-1